[Event "RUS Cup tt"]
[Site "Sochi"]
[Date "2023.11.30"]
[Round "4.13"]
[White "Obodchuk, Andrei"]
[Black "Zakaryan, David"]
[Result "1/2-1/2"]
[WhiteElo "2266"]
[BlackElo "2299"]
[PlyCount "40"]
[EventDate "2023.11.27"]
[EventType "team-swiss"]
[EventRounds "7"]
[EventCountry "RUS"]
[SourceTitle "CB49_2023"]
[SourceDate "2023.12.06"]
[SourceVersion "1"]
[SourceVersionDate "2023.12.06"]
[SourceQuality "1"]
[WhiteTeam "Sport lits s Poda"]
[BlackTeam "Krasnodarsk Region"]
[WhiteTeamCountry "RUS"]
[BlackTeamCountry "RUS"]

1. e4 e6 2. d4 d5 3. Nc3 Nf6 4. e5 Nfd7 5. Nce2 c5 6. c3 Nc6 7. f4 Be7 8. Nf3 0-0 9. Be3 a5 10. Ng3 a4 11. a3 Qb6 12. Rb1 cxd4 13. Nxd4 f6 14. exf6 Nxf6 15. Be2 Bc5 16. 0-0 e5 17. fxe5 Nxe5 18. Kh1 Bd7 19. Bg1 Rae8 20. Qd2 Ne4 1/2-1/2

[Event "IPCA Wch 22nd"]
[Site "Kastel"]
[Date "2023.06.20"]
[Round "8"]
[White "Obodchuk, Andrei"]
[Black "Sargissyan, Sargis"]
[Result "1/2-1/2"]
[WhiteElo "2283"]
[BlackElo "2234"]
[PlyCount "75"]
[EventDate "2023.06.13"]
[EventType "swiss"]
[EventRounds "9"]
[EventCountry "SRB"]
[SourceTitle "CBM 214 Extra"]
[Source "ChessBase"]
[SourceDate "2023.07.31"]
[SourceVersion "1"]
[SourceVersionDate "2023.07.31"]
[SourceQuality "1"]

1. d4 Nf6 2. c4 g6 3. Nc3 Bg7 4. e4 d6 5. Be2 0-0 6. h4 c5 7. d5 e6 8. h5 exd5 9. exd5 Re8 10. h6 Bh8 11. Bg5 a6 12. Kf1 Nbd7 13. Nf3 b5 14. b3 Qa5 15. Rc1 bxc4 16. bxc4 Rb8 17. Bd2 Qa3 18. Rb1 Rxb1 19. Qxb1 Ne5 20. Qb3 Qxb3 21. axb3 Nxf3 22. gxf3 Bf5 23. Bd1 Nh5 24. Kg2 Bd4 25. Ne2 Be5 26. Re1 Kf8 27. Kg1 Bd3 28. f4 Bxf4 29. Nxf4 Rxe1+ 30. Bxe1 Nxf4 31. Bd2 g5 32. f3 f6 33. Kf2 Kf7 34. Ke3 Ke8 35. Bc3 Kf8 36. Ba5 Ke7 37. Bc3 Kf7 38. Ba5 1/2-1/2

[Event "IPCA Wch 22nd"]
[Site "Kastel"]
[Date "2023.06.18"]
[Round "6"]
[White "Tsapalin, Sergey"]
[Black "Obodchuk, Andrei"]
[Result "0-1"]
[WhiteElo "1968"]
[BlackElo "2283"]
[PlyCount "64"]
[EventDate "2023.06.13"]
[EventType "swiss"]
[EventRounds "9"]
[EventCountry "SRB"]
[SourceTitle "CBM 214 Extra"]
[Source "ChessBase"]
[SourceDate "2023.07.31"]
[SourceVersion "1"]
[SourceVersionDate "2023.07.31"]
[SourceQuality "1"]

1. c4 Nf6 2. Nc3 e5 3. g3 Bb4 4. Bg2 0-0 5. Nf3 Nc6 6. 0-0 e4 7. Ne1 Re8 8. Nc2 Bxc3 9. dxc3 h6 10. Ne3 Ne5 11. f3 exf3 12. exf3 d6 13. b3 Bd7 14. Rb1 a6 15. Rb2 b5 16. cxb5 axb5 17. h3 Bc6 18. f4 Bxg2 19. Rxg2 Ned7 20. g4 Ne4 21. Qc2 Nf8 22. Nf5 Qd7 23. Qb2 f6 24. Re1 d5 25. Be3 Ra6 26. Rd1 h5 27. c4 c6 28. Nxg7 Kxg7 29. gxh5+ Kh7 30. h6 Qxh3 31. Bc1 Ng6 32. cxd5 Nh4 0-1

[Event "IPCA Wch 22nd"]
[Site "Kastel"]
[Date "2023.06.14"]
[Round "2"]
[White "Zavarsky, Juraj"]
[Black "Obodchuk, Andrei"]
[Result "1/2-1/2"]
[WhiteElo "1973"]
[BlackElo "2283"]
[PlyCount "104"]
[EventDate "2023.06.13"]
[EventType "swiss"]
[EventRounds "9"]
[EventCountry "SRB"]
[SourceTitle "CBM 214 Extra"]
[Source "ChessBase"]
[SourceDate "2023.07.31"]
[SourceVersion "1"]
[SourceVersionDate "2023.07.31"]
[SourceQuality "1"]

1. e4 c5 2. Nf3 Nc6 3. Bb5 e6 4. Bxc6 bxc6 5. 0-0 Ne7 6. Re1 Ng6 7. d3 e5 8. c3 Be7 9. d4 cxd4 10. cxd4 f6 11. Nc3 d6 12. h3 0-0 13. Be3 Bd7 14. d5 Qb8 15. Rb1 c5 16. g4 Rf7 17. Qd2 Nf8 18. Kh1 a5 19. b3 g6 20. Rg1 Bc8 21. Qc2 Nd7 22. Nd2 Nb6 23. Nc4 Bf8 24. Qd2 Kh8 25. f4 exf4 26. Bxf4 Nd7 27. Rgf1 Ba6 28. Qh2 Qb4 29. Rbc1 Bxc4 30. bxc4 Nb6 31. e5 dxe5 32. Bxe5 Nd7 33. Bf4 Qxc4 34. Qg2 Re8 35. d6 f5 36. Nd5 Qe4 37. g5 Qxg2+ 38. Kxg2 Bg7 39. Rfe1 Rd8 40. Re7 Kg8 41. Rb1 Bf8 42. Re6 c4 43. Ne7+ Kh8 44. Nc6 Rc8 45. Ne5 Nxe5 46. Bxe5+ Bg7 47. Bf6 Kg8 48. Re7 Bxf6 49. gxf6 Rxf6 50. Rbb7 Rxd6 51. Rg7+ Kf8 52. Rxh7 Kg8 1/2-1/2

[Event "FIDE Disabilities Olym"]
[Site "Belgrade"]
[Date "2023.01.31"]
[Round "?"]
[White "Mate, Balazs"]
[Black "Obodchuk, Andrei"]
[Result "0-1"]
[WhiteElo "2015"]
[BlackElo "2317"]
[PlyCount "164"]
[EventDate "2023.01.30"]
[EventType "team-swiss"]
[EventRounds "6"]
[EventCountry "SRB"]
[SourceTitle "CBM 212 Extra"]
[Source "ChessBase"]
[SourceDate "2023.03.31"]
[SourceVersion "1"]
[SourceVersionDate "2023.03.31"]
[SourceQuality "1"]
[WhiteTeam "Hungary"]
[BlackTeam "FIDE"]
[WhiteTeamCountry "HUN"]

1. e4 c5 2. Nf3 d6 3. d4 cxd4 4. Qxd4 Nf6 5. Bg5 Nc6 6. Bb5 Qa5+ 7. Nc3 Qxb5 8. Nxb5 Nxd4 9. Nfxd4 Kd8 10. f3 a6 11. Nc3 e6 12. 0-0-0 Kc7 13. Rhe1 h6 14. Be3 Be7 15. Nb3 Bd7 16. Rd2 Bc6 17. Red1 Rad8 18. Na5 d5 19. exd5 Bxd5 20. Nb3 Bc6 21. a3 Nd5 22. Nxd5+ Bxd5 23. Rd3 b6 24. a4 Bc4 25. Rxd8 Rxd8 26. Rxd8 Bxd8 27. Nd2 Bd5 28. c4 Bc6 29. b3 f5 30. Bd4 g5 31. g3 Kd7 32. Kc2 Bc7 33. Bg7 h5 34. Bf6 g4 35. f4 b5 36. axb5 axb5 37. Bd4 h4 38. Kc3 h3 39. Bg1 e5 40. fxe5 Bxe5+ 41. Kd3 b4 42. Ke3 Ke6 43. Kd3 Bc7 44. Kd4 Bg2 45. Kd3 Be5 46. Ke3 Kf6 47. Kd3 Bb7 48. Ke3 Kg5 49. Kd3 f4 50. gxf4+ Kxf4 51. Bf2 Kf5 52. Nf1 Be4+ 53. Ke2 Bf4 54. Ng3+ Ke5 55. Kd1 Bd3 56. c5 Kd5 57. Bg1 Bg5 58. Bf2 Kc6 59. Bg1 Be7 60. Kd2 Bg6 61. Be3 Bxc5 62. Bxc5 Kxc5 63. Nh1 Bf7 64. Nf2 Be6 65. Kd3 Kd5 66. Ke3 g3 67. hxg3 h2 68. Kd3 Bf5+ 69. Kd2 Be4 70. g4 h1Q 71. Nxh1 Bxh1 72. g5 Be4 73. Kc1 Kd4 74. Kb2 Bg6 75. Ka1 Kd3 76. Kb1 Kd2+ 77. Kb2 Bf7 78. Ka2 Kc1 79. Ka1 Kc2 80. Ka2 Bxb3+ 81. Ka1 Bg8 82. g6 b3 0-1

[Event "Sochi IPCA op"]
[Site "Sochi"]
[Date "2022.10.05"]
[Round "4"]
[White "Kuprin, Vladimir"]
[Black "Obodchuk, Andrei"]
[Result "0-1"]
[WhiteElo "2078"]
[BlackElo "2321"]
[PlyCount "108"]
[EventDate "2022.10.03"]
[EventType "swiss"]
[EventRounds "7"]
[EventCountry "RUS"]
[SourceTitle "CBM 210 Extra"]
[Source "ChessBase"]
[SourceDate "2022.11.30"]
[SourceVersion "1"]
[SourceVersionDate "2022.11.30"]
[SourceQuality "1"]

1. e4 c5 2. Nf3 d6 3. d4 cxd4 4. Nxd4 Nf6 5. Nc3 a6 6. Be3 e6 7. a4 b6 8. Be2 Bb7 9. f3 Nbd7 10. 0-0 Qc7 11. Nb3 d5 12. exd5 Nxd5 13. Nxd5 Bxd5 14. Qd2 Bd6 15. f4 Nc5 16. Nxc5 Bxc5 17. c4 Bb7 18. Rad1 a5 19. Bxc5 Qxc5+ 20. Qd4 Ke7 21. Bf3 Rab8 22. Bxb7 Rxb7 23. Rd2 Qxd4+ 24. Rxd4 Rd8 25. Rxd8 Kxd8 26. Kf2 Rd7 27. Ke2 Kc7 28. f5 e5 29. Rf3 Rd4 30. Rh3 Rg4 31. g3 Kd6 32. Rxh7 Rxc4 33. Kd3 Rxa4 34. Rxg7 Ke7 35. Rh7 Rd4+ 36. Kc3 Rd6 37. Rh4 b5 38. Re4 Kf6 39. g4 Rd1 40. h3 Rd5 41. b3 Kg5 42. Re1 f6 43. Rh1 e4 44. h4+ Kxg4 45. h5 Rd3+ 46. Kc2 Rd7 47. h6 Rh7 48. Kc3 Kg5 49. Kd4 Rxh6 50. Ra1 Kxf5 51. Rxa5 Kf4 52. Rxb5 f5 53. Rb8 Rd6+ 54. Kc5 Rd1 0-1

[Event "Sochi IPCA op"]
[Site "Sochi"]
[Date "2022.10.04"]
[Round "3"]
[White "Obodchuk, Andrei"]
[Black "Anfinogenov, Artem"]
[Result "1-0"]
[WhiteElo "2321"]
[BlackElo "2006"]
[PlyCount "56"]
[EventDate "2022.10.03"]
[EventType "swiss"]
[EventRounds "7"]
[EventCountry "RUS"]
[SourceTitle "CBM 210 Extra"]
[Source "ChessBase"]
[SourceDate "2022.11.30"]
[SourceVersion "1"]
[SourceVersionDate "2022.11.30"]
[SourceQuality "1"]

1. d4 Nf6 2. Nf3 d5 3. c4 dxc4 4. e3 a6 5. Bxc4 e6 6. 0-0 c5 7. Bd3 cxd4 8. exd4 Be7 9. Nc3 0-0 10. Re1 Nbd7 11. Ne5 Nb6 12. Bg5 Nfd5 13. Bxe7 Qxe7 14. Qh5 f5 15. Nxd5 Nxd5 16. Bc4 Qd6 17. Qf3 Rd8 18. Bb3 b5 19. Nd3 Ra7 20. Nc5 Re7 21. Rac1 g6 22. g3 Kg7 23. Re2 Nb6 24. Rd1 e5 25. dxe5 Qxd1+ 26. Bxd1 Rxd1+ 27. Kg2 Na4 28. Qc6 Kf8 1-0

[Event "IPCA Wch 21st"]
[Site "Ashdod"]
[Date "2022.05.14"]
[Round "7"]
[White "Zilberman, Yaacov"]
[Black "Obodchuk, Andrei"]
[Result "1/2-1/2"]
[WhiteElo "2315"]
[BlackElo "2295"]
[PlyCount "62"]
[EventDate "2022.05.09"]
[EventType "swiss"]
[EventRounds "9"]
[EventCountry "ISR"]
[SourceTitle "CBM 208 Extra"]
[Source "ChessBase"]
[SourceDate "2022.07.31"]
[SourceVersion "1"]
[SourceVersionDate "2022.07.31"]
[SourceQuality "1"]

1. d4 Nf6 2. c4 e6 3. Nc3 Bb4 4. e3 0-0 5. Be2 d5 6. Nf3 b6 7. 0-0 Bb7 8. Bd2 Bd6 9. Rc1 a6 10. cxd5 exd5 11. Ne5 c5 12. f4 Nc6 13. Bf3 cxd4 14. Nxc6 Bxc6 15. exd4 Qb8 16. g3 Qb7 17. Qb3 Rfe8 18. Rfe1 b5 19. Rxe8+ Rxe8 20. Re1 Rxe1+ 21. Bxe1 b4 22. Nd1 a5 23. Ne3 Qb6 24. Bf2 a4 25. Qc2 Qb7 26. Ng4 Ne4 27. Ne5 Be8 28. Be3 f6 29. Nd3 Qe7 30. Qc1 h5 31. Nc5 f5 1/2-1/2

[Event "IPCA Wch 21st"]
[Site "Ashdod"]
[Date "2022.05.11"]
[Round "4"]
[White "Mikheev, Stanislav Valerievi"]
[Black "Obodchuk, Andrei"]
[Result "0-1"]
[WhiteElo "2333"]
[BlackElo "2295"]
[PlyCount "82"]
[EventDate "2022.05.09"]
[EventType "swiss"]
[EventRounds "9"]
[EventCountry "ISR"]
[SourceTitle "CBM 208 Extra"]
[Source "ChessBase"]
[SourceDate "2022.07.31"]
[SourceVersion "1"]
[SourceVersionDate "2022.07.31"]
[SourceQuality "1"]

1. d4 Nf6 2. c4 e6 3. Nf3 d5 4. g3 dxc4 5. Bg2 c6 6. Ne5 Bb4+ 7. Bd2 Be7 8. e3 b5 9. a4 b4 10. Nxc4 Ba6 11. Qc2 0-0 12. 0-0 Nbd7 13. Rd1 Rc8 14. e4 Nb6 15. Nxb6 Qxb6 16. Be3 Ng4 17. Bf4 c5 18. a5 Qb5 19. d5 e5 20. Bh3 Nxh2 21. Kxh2 exf4 22. gxf4 Rce8 23. d6 Bd8 24. b3 Bf6 25. e5 Rxe5 26. fxe5 Bxe5+ 27. Kg1 Bxa1 28. Nd2 Bd4 29. Nf3 Qxa5 30. Nxd4 cxd4 31. Rxd4 Qg5+ 32. Rg4 Qh6 33. Qc5 Bc8 34. Rh4 Qxh4 35. Bxc8 h6 36. Qc7 Qg5+ 37. Kh1 Qd5+ 38. Kg1 Qxb3 39. Ba6 Qd1+ 40. Kg2 b3 41. Bc4 b2 0-1

[Event "IPCA Wch 20th"]
[Site "Torrevieja"]
[Date "2021.10.26"]
[Round "9"]
[White "Kimsanboyev, Axadxon"]
[Black "Obodchuk, Andrei"]
[Result "1/2-1/2"]
[WhiteElo "1636"]
[BlackElo "2303"]
[PlyCount "71"]
[EventDate "2021.10.18"]
[EventType "swiss"]
[EventRounds "9"]
[EventCountry "ESP"]
[SourceTitle "EXT 2023"]
[Source "ChessBase"]
[SourceDate "2022.10.05"]
[SourceVersion "1"]
[SourceVersionDate "2022.10.05"]
[SourceQuality "1"]

1. d4 Nf6 2. Bf4 g6 3. e3 Bg7 4. Nf3 d6 5. Be2 0-0 6. h3 b6 7. 0-0 Bb7 8. a4 a6 9. c4 e6 10. a5 Ne4 11. Nbd2 Nxd2 12. Qxd2 bxa5 13. Rxa5 Nc6 14. Ra3 a5 15. Rfa1 e5 16. Bh2 exd4 17. exd4 Qf6 18. d5 Nd4 19. Qxd4 Qxd4 20. Nxd4 Bxd4 21. Rxa5 Bxb2 22. Rxa8 Rxa8 23. Rxa8+ Bxa8 24. Bf4 Bd4 25. Kf1 Bb7 26. Bd3 f5 27. Ke2 Kf7 28. Be3 Bc5 29. Bxc5 dxc5 30. f4 c6 31. dxc6 Bxc6 32. g3 Kf6 33. h4 h6 34. Ke3 g5 35. hxg5+ hxg5 36. Be2 1/2-1/2

[Event "IPCA Wch 20th"]
[Site "Torrevieja"]
[Date "2021.10.19"]
[Round "2"]
[White "Anfinogenov, Artem"]
[Black "Obodchuk, Andrei"]
[Result "0-1"]
[WhiteElo "2032"]
[BlackElo "2303"]
[PlyCount "142"]
[EventDate "2021.10.18"]
[EventType "swiss"]
[EventRounds "9"]
[EventCountry "ESP"]
[SourceTitle "EXT 2023"]
[Source "ChessBase"]
[SourceDate "2022.10.05"]
[SourceVersion "1"]
[SourceVersionDate "2022.10.05"]
[SourceQuality "1"]

1. c4 g6 2. d4 Bg7 3. e4 d6 4. Nc3 Nf6 5. Be2 0-0 6. Bg5 Na6 7. h4 h6 8. Be3 e5 9. d5 Nc5 10. f3 Nh5 11. g4 Nf4 12. Bf1 f5 13. b4 Na6 14. Rb1 fxg4 15. fxg4 Qd7 16. g5 hxg5 17. hxg5 Qe7 18. Nh3 Rf7 19. Kd2 Bd7 20. Qe1 Raf8 21. Qh4 Nh5 22. Be2 Rf4 23. Bxf4 exf4 24. Bxh5 gxh5 25. Qxh5 Qe5 26. Qf3 Bg4 27. Qd3 f3 28. Nf2 Qxg5+ 29. Kc2 Bd7 30. a3 Qe5 31. Rbg1 Nb8 32. Qe3 Rf7 33. Rg5 Qe7 34. Rhg1 Kf8 35. Ng4 Bxg4 36. R5xg4 Nd7 37. Qh6 Nf6 38. Rxg7 Rxg7 39. Rxg7 Qxg7 40. Qxg7+ Kxg7 41. Kd3 Ng4 42. Nb5 Ne5+ 43. Ke3 Nxc4+ 44. Kxf3 a6 45. Nxc7 Kf6 46. a4 Ke5 47. Ne8 Nd2+ 48. Ke3 Nxe4 49. Kd3 Kxd5 50. Nc7+ Ke5 51. Kc4 Nf6 52. b5 a5 53. b6 d5+ 54. Kb5 d4 55. Kxa5 d3 56. Nb5 Nd5 57. Na3 Kd4 58. Nb1 Kc5 59. Nd2 Nxb6 60. Ne4+ Kd4 61. Nf2 Nd5 62. Kb5 d2 63. a5 Nc3+ 64. Kb4 Ne4 65. Nd1 Kd3 66. Kb3 Nc5+ 67. Kb4 Ne4 68. Kb3 Ke2 69. Nb2 Nd6 70. Kb4 Nf7 71. Kc5 Ne5 0-1

[Event "Online Olym Div3 A"]
[Site "Chess.com INT"]
[Date "2021.08.27"]
[Round "2.4"]
[White "Liu, Yeh Yang"]
[Black "Obodchuk, Andrei"]
[Result "0-1"]
[WhiteElo "1994"]
[BlackElo "2303"]
[PlyCount "116"]
[EventDate "2021.08.27"]
[EventType "team-tourn (rapid)"]
[EventRounds "9"]
[EventCountry "USA"]
[SourceTitle "CBM 204 Extra"]
[Source "ChessBase"]
[SourceDate "2021.11.30"]
[SourceVersion "1"]
[SourceVersionDate "2021.11.30"]
[SourceQuality "1"]
[WhiteTeam "Taiwan"]
[BlackTeam "IPCA"]
[WhiteTeamCountry "TPE"]

1. e4 e5 2. Nf3 Nc6 3. c3 Nf6 4. d4 exd4 5. e5 Nd5 6. cxd4 d6 7. Be2 dxe5 8. dxe5 Bb4+ 9. Bd2 Nf4 10. 0-0 Bxd2 11. Nbxd2 0-0 12. Bb5 Nxe5 13. Re1 Neg6 14. Qc2 c6 15. Bf1 Bg4 16. Rad1 Qa5 17. Nc4 Qh5 18. Nce5 Rad8 19. Rxd8 Rxd8 20. Qb3 Qf5 21. Qxb7 Bxf3 22. Nxf3 Nh3+ 23. gxh3 Qxf3 24. Bg2 Qf6 25. Qxc6 Qxb2 26. Bd5 Rf8 27. Bb3 Qd2 28. Re3 Qd8 29. Qb7 a5 30. a4 Nf4 31. h4 h6 32. Re7 Qd3 33. Bxf7+ Rxf7 34. Re8+ Kh7 35. Qe4+ Qxe4 36. Rxe4 Kg6 37. f3 Kf5 38. Kf2 Rb7 39. Kg3 Ne6 40. Re1 Rb4 41. Ra1 Nf4 42. Ra2 Ng6 43. h5 Nf4 44. Kh4 Ne2+ 45. Kh3 Nc3 46. Rc2 Rb3 47. Rd2 Nxa4 48. Rd5+ Kf4 49. Rd4+ Kxf3 50. Rxa4 Kf2+ 51. Kg4 Rb4+ 52. Rxb4 axb4 53. Kf5 b3 54. Kg6 b2 55. Kxg7 b1Q 56. Kxh6 Qf5 57. h3 Kg3 58. Kg7 Qxh5 0-1

[Event "Online Olym Div2 B"]
[Site "Chess.com INT"]
[Date "2020.08.16"]
[Round "9.2"]
[White "Liu, Xiangyi"]
[Black "Obodchuk, Andrei"]
[Result "1/2-1/2"]
[WhiteElo "2377"]
[BlackElo "2299"]
[PlyCount "83"]
[EventDate "2020.08.14"]
[EventType "team-tourn (rapid)"]
[EventRounds "9"]
[EventCountry "USA"]
[SourceTitle "CBM 198"]
[Source "ChessBase"]
[SourceDate "2020.10.31"]
[SourceVersion "1"]
[SourceVersionDate "2020.10.31"]
[SourceQuality "1"]
[WhiteTeam "Singapore"]
[BlackTeam "IPCA"]
[WhiteTeamCountry "SIN"]

1. e4 c5 2. Nf3 Nc6 3. Bb5 g6 4. 0-0 Bg7 5. Re1 e5 6. c3 Nge7 7. a4 0-0 8. Na3 d6 9. Rb1 h6 10. b4 Be6 11. d3 cxb4 12. cxb4 d5 13. Bxc6 Nxc6 14. b5 Nd4 15. Nxd4 exd4 16. e5 Rc8 17. Bb2 f6 18. Bxd4 fxe5 19. Bxe5 Bxe5 20. Rxe5 Qd6 21. d4 Bf5 22. Rb3 Rc7 23. h3 Rfc8 24. Qf3 Be4 25. Qg4 Rc3 26. Nb1 Rc1+ 27. Kh2 Re8 28. Qf4 Rxe5 29. dxe5 Qc7 30. Nd2 Qc2 31. Nxe4 dxe4 32. Rg3 e3 33. e6 exf2 34. Qf7+ Kh8 35. Qf8+ Kh7 36. Qf7+ Kh8 37. Qe8+ Kh7 38. Qd7+ Kh8 39. Qd4+ Kh7 40. Qd7+ Kh8 41. Qe8+ Kh7 42. Qd7+ 1/2-1/2

[Event "IPCA rapid op 1st"]
[Site "La Zenia"]
[Date "2019.11.22"]
[Round "4"]
[White "Gurbanov, Andrei"]
[Black "Obodchuk, Andrei"]
[Result "1/2-1/2"]
[WhiteElo "2314"]
[BlackElo "2296"]
[PlyCount "42"]
[EventDate "2019.11.22"]
[EventType "swiss (rapid)"]
[EventRounds "9"]
[EventCountry "ESP"]
[SourceTitle "CBM 193 Extra"]
[Source "ChessBase"]
[SourceDate "2020.01.31"]
[SourceVersion "1"]
[SourceVersionDate "2020.01.31"]
[SourceQuality "1"]

1. d4 Nf6 2. c4 e6 3. Nf3 d5 4. Nc3 Be7 5. Bg5 h6 6. Bh4 0-0 7. e3 b6 8. cxd5 Nxd5 9. Bxe7 Qxe7 10. Nxd5 exd5 11. Rc1 Be6 12. Be2 c5 13. dxc5 bxc5 14. Qc2 Nd7 15. 0-0 Rfc8 16. h3 a5 17. Rfd1 c4 18. Nd4 Nc5 19. Bf3 Nd3 20. Rb1 Rab8 21. Qc3 Qb4 1/2-1/2

[Event "IPCA rapid op 1st"]
[Site "La Zenia"]
[Date "2019.11.22"]
[Round "2"]
[White "Kozicz, Andrzej"]
[Black "Obodchuk, Andrei"]
[Result "0-1"]
[WhiteElo "1957"]
[BlackElo "2296"]
[PlyCount "70"]
[EventDate "2019.11.22"]
[EventType "swiss (rapid)"]
[EventRounds "9"]
[EventCountry "ESP"]
[SourceTitle "CBM 193 Extra"]
[Source "ChessBase"]
[SourceDate "2020.01.31"]
[SourceVersion "1"]
[SourceVersionDate "2020.01.31"]
[SourceQuality "1"]

1. e4 c5 2. Nf3 Nc6 3. d4 cxd4 4. Nxd4 Nf6 5. Nxc6 bxc6 6. Bd3 e5 7. c4 Bc5 8. h3 h6 9. 0-0 d6 10. a3 a5 11. Qe2 Rb8 12. Nc3 0-0 13. Rb1 Be6 14. Be3 Bd4 15. Bxd4 exd4 16. Nd1 Re8 17. Qc2 Nd7 18. f4 f6 19. Nf2 Nc5 20. Qe2 Rb3 21. Qc2 Qb6 22. Nd1 Nxe4 23. Bxe4 d3+ 24. Qf2 Bxc4 25. Qxb6 Rxb6 26. Bf3 d5 27. Kf2 Kf7 28. Re1 Rxe1 29. Kxe1 c5 30. Kd2 d4 31. b3 Rxb3 32. Rxb3 Bxb3 33. Kxd3 Ke6 34. g4 g5 35. f5+ Ke5 0-1